| 000 | 00436nam a2200181Ia 4500 | ||
|---|---|---|---|
| 008 | 210210b2019 xxu||||| |||| 00| 0 eng d | ||
| 020 | _a9788129141774 | ||
| 041 | _aeng | ||
| 082 | _a820.33 BONS | ||
| 100 | _aBOND (Ruskin) Ed | ||
| 245 | _aSchool times | ||
| 260 |
_aNew Delhi _bRupa Publications India _c2019 |
||
| 300 | _avi,175 | ||
| 650 | _atimes | ||
| 650 | _aSchool | ||
| 690 | _aIndian English Fiction | ||
| 906 | _a074014 | ||
| 999 |
_c123820 _d123820 |
||